[Event "Klatovy op-A 24th"]
[Site "Klatovy"]
[Date "2018.07.06"]
[Round "7"]
[White "Novak, Vaclav2222"]
[Black "Kubat, Martin"]
[Result "1/2-1/2"]
[WhiteElo "1778"]
[BlackElo "1881"]
[PlyCount "41"]
[EventDate "2018.06.30"]
[EventType "swiss"]
[EventRounds "9"]
[EventCountry "CZE"]
[SourceTitle "EXT 2019"]
[Source "ChessBase"]
[SourceDate "2018.10.10"]
[SourceVersion "1"]
[SourceVersionDate "2018.10.10"]
[SourceQuality "1"]

1. e4 c5 2. Nf3 d6 3. Nc3 Nc6 4. d3 Nf6 5. Be2 a6 6. 0-0 g6 7. Nd5 Nxd5 8. exd5 Nd4 9. Re1 Bg7 10. c3 Nxe2+ 11. Qxe2 h6 12. Bf4 e5 13. dxe6 Bxe6 14. d4 0-0 15. dxc5 dxc5 16. Qe3 g5 17. Be5 Qe7 18. Bxg7 Kxg7 19. Qe5+ Kh7 20. Qe4+ Kg7 21. Qe5+ 1/2-1/2

[Event "CZE-chT U18 Extraliga final-B 1617"]
[Site "Czech Republic"]
[Date "2017.04.22"]
[Round "10.2"]
[White "Kozusek, Daniel"]
[Black "Kubat, Martin"]
[Result "1-0"]
[WhiteElo "2172"]
[BlackElo "1771"]
[PlyCount "55"]
[EventDate "2016.10.01"]
[EventType "team-tourn"]
[EventRounds "11"]
[EventCountry "CZE"]
[SourceTitle "EXT 2022"]
[Source "ChessBase"]
[SourceDate "2021.10.06"]
[SourceVersion "1"]
[SourceVersionDate "2021.10.06"]
[SourceQuality "1"]
[WhiteTeam "Jicin U18"]
[BlackTeam "Praha Kobylisy U18"]
[WhiteTeamCountry "CZE"]
[BlackTeamCountry "CZE"]

1. d4 Nf6 2. c4 g6 3. g3 Bg7 4. Bg2 d6 5. Nc3 0-0 6. Nf3 c6 7. 0-0 Qa5 8. e4 Qh5 9. e5 Ne8 10. Re1 Bg4 11. Re4 f5 12. Re1 Nd7 13. Qd3 dxe5 14. Nxe5 Nxe5 15. dxe5 h6 16. Qd7 f4 17. Qxb7 Bf3 18. Bxf3 Qxf3 19. Bxf4 Rxf4 20. gxf4 Qg4+ 21. Kf1 Rd8 22. Qxc6 Nc7 23. Rad1 Rxd1 24. Rxd1 Ne6 25. Qg2 Qf5 26. Nd5 Kf7 27. Nxe7 Qc2 28. Qd5 1-0

[Event "CZE-chT U18 Extraliga West 1617"]
[Site "Czech Republic"]
[Date "2017.01.21"]
[Round "6.4"]
[White "Kubat, Martin"]
[Black "Stanek, Ondrej1111"]
[Result "1-0"]
[WhiteElo "1771"]
[BlackElo "1831"]
[PlyCount "83"]
[EventDate "2016.10.01"]
[EventType "team-tourn"]
[EventRounds "11"]
[EventCountry "CZE"]
[SourceTitle "EXT 2022"]
[Source "ChessBase"]
[SourceDate "2021.10.06"]
[SourceVersion "1"]
[SourceVersionDate "2021.10.06"]
[SourceQuality "1"]
[WhiteTeam "Praha Kobylisy U18"]
[BlackTeam "Praha Bohemians U18"]
[WhiteTeamCountry "CZE"]
[BlackTeamCountry "CZE"]

1. e4 e5 2. Nf3 Nc6 3. Bb5 a6 4. Ba4 Nge7 5. 0-0 g6 6. d3 Bg7 7. Nc3 0-0 8. Ne2 b5 9. Bb3 Na5 10. Ng3 d6 11. Be3 Nxb3 12. axb3 f5 13. exf5 Nxf5 14. Nxf5 Rxf5 15. Nd2 d5 16. Bc5 Qf6 17. c4 Qc6 18. b4 dxc4 19. dxc4 Bb7 20. f3 bxc4 21. Nxc4 e4 22. Na5 Qd5 23. Nxb7 Qxb7 24. Qb3+ Kh8 25. fxe4 Rxf1+ 26. Rxf1 Qxe4 27. Qf7 Bd4+ 28. Kh1 Bxc5 29. bxc5 Qe5 30. h3 Qg7 31. Qe6 Rf8 32. Rd1 Qf6 33. Qe2 Rf7 34. Ra1 Re7 35. Qxa6 Qxb2 36. Qc8+ Kg7 37. Rf1 Rf7 38. Rxf7+ Kxf7 39. Qxc7+ Kf6 40. c6 h6 41. Qd6+ Kf7 42. c7 1-0

[Event "CZE-chT U18 Extraliga West 1617"]
[Site "Czech Republic"]
[Date "2016.10.01"]
[Round "1.4"]
[White "Kubat, Martin"]
[Black "Nemcova, Karin"]
[Result "1/2-1/2"]
[WhiteElo "1771"]
[BlackElo "1810"]
[PlyCount "80"]
[EventDate "2016.10.01"]
[EventType "team-tourn"]
[EventRounds "11"]
[EventCountry "CZE"]
[SourceTitle "EXT 2022"]
[Source "ChessBase"]
[SourceDate "2021.10.06"]
[SourceVersion "1"]
[SourceVersionDate "2021.10.06"]
[SourceQuality "1"]
[WhiteTeam "Praha Kobylisy U18"]
[BlackTeam "Praha Oaza U18"]
[WhiteTeamCountry "CZE"]
[BlackTeamCountry "CZE"]

1. e4 d5 2. exd5 Qxd5 3. Nc3 Qd6 4. d4 Nf6 5. Nf3 a6 6. Be2 Bg4 7. Be3 e6 8. Qd2 Nc6 9. h3 Bh5 10. 0-0 Be7 11. Rad1 0-0 12. Bf4 Qd8 13. d5 exd5 14. Nxd5 Nxd5 15. Qxd5 Bg6 16. c4 Rc8 17. Ne5 Nxe5 18. Bxe5 Qxd5 19. Rxd5 f6 20. Bf4 Bd8 21. Rfd1 Bf7 22. R5d4 Be6 23. Bf3 c6 24. Re1 Kf7 25. c5 Bc7 26. Bd6 Bxd6 27. cxd6 Rcd8 28. a3 Rd7 29. Be2 Rfd8 30. Red1 c5 31. R4d2 Bb3 32. Rc1 Rxd6 33. Rxd6 Rxd6 34. Rxc5 Rd7 35. Bf3 h6 36. Rc8 Ke6 37. Bg4+ f5 38. Bf3 Bd5 39. Re8+ Kf7 40. Re5 Be6 1/2-1/2

[Event "Klatovy op-B 22nd"]
[Site "Klatovy"]
[Date "2016.07.08"]
[Round "7"]
[White "Lener, Jaroslav"]
[Black "Kubat, Martin"]
[Result "0-1"]
[WhiteElo "1820"]
[BlackElo "1709"]
[PlyCount "60"]
[EventDate "2016.07.02"]
[EventType "swiss"]
[EventRounds "9"]
[EventCountry "CZE"]
[SourceTitle "EXT 2019"]
[Source "ChessBase"]
[SourceDate "2018.10.10"]
[SourceVersion "1"]
[SourceVersionDate "2018.10.10"]
[SourceQuality "1"]

1. Nf3 Nf6 2. c4 g6 3. Nc3 Bg7 4. d3 0-0 5. g3 d6 6. Bg2 e5 7. 0-0 Nbd7 8. d4 Nh5 9. Bg5 f6 10. Be3 exd4 11. Nxd4 Ne5 12. h3 f5 13. Nf3 f4 14. Qd5+ Kh8 15. Nxe5 Bxe5 16. Bd4 Qe7 17. Bxe5+ dxe5 18. Rad1 Nf6 19. Qd2 g5 20. b3 g4 21. hxg4 Nxg4 22. Nd5 Qg7 23. gxf4 Qh6 24. Rfe1 Qh2+ 25. Kf1 Rg8 26. e4 c6 27. Ne7 Ne3+ 28. fxe3 Bh3 29. Nxg8 Rxg8 30. Re2 Qh1+ 0-1

[Event "Klatovy op-B 22nd"]
[Site "Klatovy"]
[Date "2016.07.04"]
[Round "3"]
[White "Kubat, Martin"]
[Black "Kubat, Ladislav"]
[Result "1/2-1/2"]
[WhiteElo "1709"]
[BlackElo "1435"]
[PlyCount "118"]
[EventDate "2016.07.02"]
[EventType "swiss"]
[EventRounds "9"]
[EventCountry "CZE"]
[SourceTitle "EXT 2019"]
[Source "ChessBase"]
[SourceDate "2018.10.10"]
[SourceVersion "1"]
[SourceVersionDate "2018.10.10"]
[SourceQuality "1"]

1. e4 c6 2. d4 d5 3. exd5 cxd5 4. Bd3 Nc6 5. Nf3 Nf6 6. 0-0 Bg4 7. c3 g6 8. Nbd2 Bg7 9. h3 Bxf3 10. Nxf3 0-0 11. Re1 e6 12. Bg5 Qc7 13. Qd2 Rac8 14. Ne5 Nxe5 15. dxe5 Ne4 16. Bxe4 dxe4 17. Bf6 Bxf6 18. exf6 Qe5 19. Qd4 Qxd4 20. cxd4 Rc2 21. Rab1 Rd2 22. Rxe4 Rd8 23. g4 R2xd4 24. Rxd4 Rxd4 25. Rc1 h6 26. Rc8+ Kh7 27. Rc7 Kg8 28. Rxb7 Ra4 29. a3 g5 30. Kg2 a6 31. Kg3 a5 32. f3 Rf4 33. Ra7 a4 34. Kf2 Rc4 35. Ke3 Rc2 36. Rb7 Kh7 37. Rxf7+ Kg6 38. Rb7 Kxf6 39. Rb4 Rh2 40. Ke4 Re2+ 41. Kd3 Rf2 42. Ke3 Rh2 43. Rxa4 Rxb2 44. Ra8 Rh2 45. a4 Rxh3 46. a5 Rh1 47. a6 Ra1 48. a7 Ke5 49. Kf2 Ra2+ 50. Kg3 Ra3 51. Rh8 Rxa7 52. Rxh6 Rg7 53. Rh1 Rf7 54. Re1+ Kd5 55. Kf2 Rf4 56. Ke3 e5 57. Ra1 Ke6 58. Ra6+ Kf7 59. Rb6 Rc4 1/2-1/2